000 00808nam a2200253 i 4500
001 105543
003 ES-MaACL
007 t|
008 060724s1969 fr ||||1| fre d
080 _a331.105.44
080 _a330.85(091)
100 1 _aPannekoek, Anton.
_988801
245 1 0 _aPannekoek et les conseils ouvriers /
_ctextes choisis, traduits et présentés par Serge Bricianer.
260 _aParis :
_bEtudes et Documentation Internationales,
_c[1969]
300 _a301 p. :
_bretr. autor ;
_c21 cm.
490 1 _aPraxis
500 _aBiblioteca Juan Andrade.
650 1 4 _aComunismo-
_vHistoria
_911222
650 1 4 _aSindicalismo
_917110
700 1 _aBricianer, Serge.
_931688
830 0 _aPraxis
_9232746
852 _aES-MaACL
_jAND-341
_bR.109646
999 _c105543
_d105543